NCAA College Teams by State: South Dakota - Statistics

General Stats
  • This quiz has been taken 61 times
  • The average score is 4 of 7
Answer Stats
% Correct
Division I-AA South Dakota Coyotes
100%
Division I-AA South Dakota State Jackrabbits
100%
Division II Sioux Falls Cougars
59%
Division II Augustana Vikings
52%
Division II Black Hills State Yellow Jackets
48%
Division II Northern State Wolves
41%
Division II South Dakota Mines Hardrockers
41%
No matching quizzes found
Score Distribution
Percent of People with Each Score
Percentile by Number Answered
Your Score History
You have not taken this quiz